000
00260nam a22001217a 4500
040
_c
SY
082
_a
664
100
_a
NA
245
_a
Appropriate food packaging solutions for developing countries.
260
_a
FAO
_b
NA
_c
2011
300
_a
28p.
942
_c
EB
999
_c
8613
_d
8613